<?xml version="1.0" encoding="UTF-8"?>
<record
    xmlns:xsi="http://www.w3.org/2001/XMLSchema-instance"
    xsi:schemaLocation="http://www.loc.gov/MARC21/slim http://www.loc.gov/standards/marcxml/schema/MARC21slim.xsd"
    xmlns="http://www.loc.gov/MARC21/slim">

  <leader>00509nac a22001331u 4500</leader>
  <controlfield tag="008">090317s2001    xxu||||| |||| 00| 0 ara d</controlfield>
  <datafield tag="020" ind1=" " ind2=" ">
    <subfield code="a">9776010261</subfield>
  </datafield>
  <datafield tag="082" ind1=" " ind2=" ">
    <subfield code="a">331.310962</subfield>
    <subfield code="b">&#x631; &#x632; &#x629;</subfield>
  </datafield>
  <datafield tag="245" ind1=" " ind2=" ">
    <subfield code="a">&#x627;&#x644;&#x623;&#x637;&#x641;&#x627;&#x644; &#x627;&#x644;&#x643;&#x627;&#x62F;&#x62D;&#x648;&#x646; :</subfield>
    <subfield code="b">&#x638;&#x627;&#x647;&#x631;&#x629; &#x639;&#x645;&#x644; &#x627;&#x644;&#x623;&#x637;&#x641;&#x627;&#x644; &#x641;&#x64A; &#x645;&#x635;&#x631; /</subfield>
    <subfield code="c">&#x623;&#x62D;&#x645;&#x62F; &#x639;&#x628;&#x62F; &#x627;&#x644;&#x644;&#x647; &#x631;&#x632;&#x629;</subfield>
  </datafield>
  <datafield tag="260" ind1=" " ind2=" ">
    <subfield code="a">&#x627;&#x644;&#x642;&#x627;&#x647;&#x631;&#x629; :</subfield>
    <subfield code="b">&#x62F;&#x627;&#x631; &#x627;&#x644;&#x643;&#x644;&#x645;&#x629; &#x60C;2001</subfield>
    <subfield code="c">2001.</subfield>
  </datafield>
  <datafield tag="300" ind1=" " ind2=" ">
    <subfield code="a">122 &#x635; :</subfield>
    <subfield code="b">&#x627;&#x64A;&#x636; &#x61B;</subfield>
    <subfield code="c">22 &#x633;&#x645;.</subfield>
  </datafield>
  <datafield tag="650" ind1=" " ind2=" ">
    <subfield code="a">&#x627;&#x644;&#x623;&#x637;&#x641;&#x627;&#x644;</subfield>
    <subfield code="9">20301</subfield>
    <subfield code="x">&#x62A;&#x634;&#x63A;&#x64A;&#x644;</subfield>
  </datafield>
  <datafield tag="942" ind1=" " ind2=" ">
    <subfield code="c">BB</subfield>
    <subfield code="k">331.310962&#x631; &#x632; &#x629;</subfield>
    <subfield code="2">ddc</subfield>
  </datafield>
  <datafield tag="999" ind1=" " ind2=" ">
    <subfield code="c">5563</subfield>
    <subfield code="d">5563</subfield>
  </datafield>
  <datafield tag="952" ind1=" " ind2=" ">
    <subfield code="0">0</subfield>
    <subfield code="1">0</subfield>
    <subfield code="2">ddc</subfield>
    <subfield code="4">0</subfield>
    <subfield code="7">0</subfield>
    <subfield code="8">Alef-Baa</subfield>
    <subfield code="a">MAIN</subfield>
    <subfield code="b">MAIN</subfield>
    <subfield code="c">1ST</subfield>
    <subfield code="d">2011-01-12</subfield>
    <subfield code="e">purchase</subfield>
    <subfield code="o">331.310962 &#x631; &#x632; &#x629;</subfield>
    <subfield code="p">000006942</subfield>
    <subfield code="r">2025-07-15 00:00:00</subfield>
    <subfield code="s">2017-10-22</subfield>
    <subfield code="y">BB</subfield>
  </datafield>
</record>
